000
00206nam a22000977a 4500
003
OSt
008
210113b ||||| |||| 00| 0 eng d
100
_a
Madhavan Pillai, C
_9
4854
245
_a
Laila
942
_c
BK
999
_c
16480
_d
16480